| 000 | 01650nam a2200337 c 4500 | ||
|---|---|---|---|
| 003 | BLK | ||
| 005 | 20200107175647.0 | ||
| 008 | 180412b bul|||||r ||||||| ||bul|| | ||
| 010 | _aKNG00013263000 | ||
| 020 |
_a954-8150-46-8 _bиздат.: Сиби - на том(ч. 2) |
||
| 040 | _aBLK | ||
| 041 |
_aBUL _cBUL |
||
| 080 |
_aНаказателен процес-Обвинение,водене на следствието,страни,иск,дознание,обвинителни и защитни речи.Доказателства.Резултати от експертизата(Вж и 340.6).Присъда и обжалване.Длъжностни лица _b343.1 _x(497.2)(075.8) _z343.1(497.2)(075.8) |
||
| 100 | 1 |
_aПавлов, Стефан Георгиев _eпърви автор _9364551 |
|
| 139 |
_aПавлов, Стефан Георгиев _bП 13 |
||
| 245 | 1 | 0 |
_aНаказателен процес на Република България _bЧ. 1 - 2 _cСтефан Георгиев Павлов. _nЧ. 2 _pОсобена част |
| 250 | _a5. изд. | ||
| 257 | _aBGR | ||
| 260 |
_аСофия _c1996 |
||
| 300 | _c21 см | ||
| 380 | _a3 | ||
| 650 | 4 |
_aНаказателен процес - България - учебници за ВУЗ _9256772 |
|
| 653 | _aнаказателно право | ||
| 653 | _aБългария | ||
| 760 | 1 |
_3- на том(ч. 2) _aПавлов, Стефан Георгиев _b5. изд. _dСиби _h333 с. _tЧ. 2 Особена част |
|
| 852 | _aЦб 189321 | ||
| 856 | 4 |
_qpdf _u |
|
| 856 | 4 |
_qpdf _u |
|
| 942 |
_cKNG _n0 _02 |
||
| 944 |
_aCR _c15.01.2003 _kКети_Илиева |
||
| 944 |
_aED _c04.01.2013 _k |
||
| 999 |
_c11708 _d11708 |
||